Normal view
MARC view
Entry Personal Name
001 - CONTROL NUMBER
- control field: 43134
003 - CONTROL NUMBER IDENTIFIER
- control field: ARRUPE
005 - DATE AND TIME OF LATEST TRANSACTION
- control field: 20181026112851.0
008 - FIXED-LENGTH DATA ELEMENTS
- fixed length control field: 181026|| aca||aabn | a|a d
040 ## - CATALOGING SOURCE
- Original cataloging agency: ARRUPE
- Transcribing agency: ARRUPE
100 ## - HEADING--PERSONAL NAME
- Personal name: Le Carré, John,
- Dates associated with a name: 1931-
670 ## - SOURCE DATA FOUND
- Source citation: Work cat.: (ARRUPE)0: Le Carré, John, 1931-, A most wanted man, p2008.